000 00670nam a2200193Ii 4500
003 JO-AjNU
008 230605s9999||||xx |||||||||||||| ||und||
040 _aJO-AjNU
_bara
_erda
_cJO-AjNU
041 _aara
050 1 4 _aTS155.S522 1992
100 3 _aالشرقاوي، علي ,
_eauthor
_936441
245 0 0 _aإدارة النشاط الإنتاجي : مدخل التحليل الكمي
264 3 1 _aبيروت: الدار الجامعية، 1992
300 _a398ص
336 _atext
_btxt
_2rdacontent
337 _aunmediated
_bn
_2rdamedia
338 _avolume
_bnc
_2rdacarrier
650 4 _aادارة الانتاج-الكفاية الانتاجية
_936442
999 _aA15141
_c18709
_d18709